000 01054cam a2200193 4500
001 L135970
008 061220n2011 000 0 eng u
035 _a(Sirsi) u135970
041 0 _aeng
110 1 _aUnited Kingdom
_bDepartment for Communities and Local Government
_94939
245 0 4 _aThe places database
260 _aLondon
_bDCLG
_c2011
520 _aCreated to provide access to updated data that underpins the State of the English Cities Report (SOCR), published by the Department for Communities and Local Goverment in March 2006. The database contains all the key indicators of urban performance used in the report and allows users to identify in greater detail recent changes in English cities and will allow future monitoring of cities and the impact of policies.
590 _aKA
651 4 _aEngland
_y886-
690 _aENVIRONMENTAL AND LAND CONSULTANCY-PLANNING AND DEVELOPMENT-STRATEGIC PLANNING
856 4 0 _uhttps://www.places.communities.gov.uk/
_zView the database free of charge at www.communities.gov.uk...
942 _n0
999 _c106261
_d106261